Alright Lyrics - Statistics

General Stats
  • This quiz has been taken 33 times
  • The average score is 116 of 162
Answer Stats
Hint Answer % Correct
Chorus | Verse 1 I
95%
a
90%
alright
85%
(alright)
85%
to
85%
bad
80%
life
80%
my
80%
when
80%
you
80%
all
75%
be
75%
i'm
75%
it
75%
me
75%
the
75%
and
70%
backwards
70%
basement
70%
better
70%
chills
70%
counting
70%
don't
70%
drove
70%
for
70%
gets
70%
good
70%
got
70%
hate
70%
i'd
70%
if
70%
i'll
70%
in
70%
just
70%
know
70%
live
70%
make
70%
never
70%
not
70%
of
70%
out
70%
people
70%
said
70%
take
70%
tell
70%
that
70%
this
70%
thought
70%
what
70%
Verse 2 What
70%
who
70%
whole
70%
asleep
65%
avoid
65%
burn
65%
buy
65%
contact
65%
emergency
65%
fall
65%
hawaii
65%
headfirst
65%
jump
65%
later
65%
medication
65%
move
65%
oh
65%
palm
65%
rather
65%
regret
65%
someone
65%
spend
65%
still
65%
things
65%
tonight
65%
trees
65%
under
65%
vacation
65%
week
65%
will
65%
around
60%
because
60%
bottle
60%
down
60%
drive
60%
fallback
60%
hills
60%
outlets
60%
run
60%
whiskey
60%
end
55%
shallow
55%
No matching quizzes found
Score Distribution
Percent of People with Each Score
Percentile by Number Answered
Your Score History
You have not taken this quiz